Vainqueurs des JO d'été - Statistiques

Statistiques générales
  • Ce quiz a été pris 72 fois
  • Le résultat moyen est 20 sur 29
Statistiques - réponses
Année Nombre de médailles Réponse % Correct
1896 26 Etats-Unis
94%
2016 121 Etats-Unis
85%
2020 113 Etats-Unis
85%
2012 104 Etats-Unis
84%
1904 239 Etats-Unis
82%
2004 102 Etats-Unis
82%
1996 101 Etats-Unis
81%
2008 100 Chine
79%
2000 94 Etats-Unis
79%
1900 101 France
79%
1984 174 Etats-Unis
76%
1952 76 Etats-Unis
72%
1948 84 Etats-Unis
70%
1968 107 Etats-Unis
70%
1932 103 Etats-Unis
69%
1964 90 Etats-Unis
69%
1912 63 Etats-Unis
66%
1924 99 Etats-Unis
66%
19+28 56 Etats-Unis
66%
1980 195 Union Soviétique
66%
1920 95 Etats-Unis
64%
1988 132 Union Soviétique
61%
1956 98 Union Soviétique
60%
1960 103 Union Soviétique
60%
1972 99 Union Soviétique
60%
1976 125 Union Soviétique
60%
1936 89 Allemagne
58%
1908 145 Royaume-Uni
51%
1992 112 Équipe unifiée de l’ex-URSS
6%
Aucun quiz correspondant
Distribution des résultats
% des personnes avec chaque résultat
Percentile par nombre de réponses
Votre historique - résultats
Vous n’avez pas pris ce quiz